ბათუმის შოთა რუსთაველის სახელმწიფო უნივერსიტეტის ბიბლიოთეკა

Molecular biology of the cell / (ბიბ.ჩანაწერი № 63256)

000 -LEADER
fixed length control field 00774nam a22002057a 4500
005 - DATE AND TIME OF LATEST TRANSACTION
control field 20250708155148.0
008 - FIXED-LENGTH DATA ELEMENTS--GENERAL INFORMATION
fixed length control field 250708s2022 en ||||| |||| 00| 0 eng d
020 ## - INTERNATIONAL STANDARD BOOK NUMBER
International Standard Book Number 9780393884852 X
041 ## - LANGUAGE CODE
Language code of text/sound track or separate title eng
080 ## - UNIVERSAL DECIMAL CLASSIFICATION NUMBER
Universal Decimal Classification number 577.2:576.3 M-79
245 ## - TITLE STATEMENT
Title Molecular biology of the cell /
Statement of responsibility, etc. Alberts Bruce; Alexander Heald; David Morgan; Martin Raff; Roberts Keith; Peter Walter
250 ## - EDITION STATEMENT
Edition statement seventh edition
264 ## - PRODUCTION, PUBLICATION, DISTRIBUTION, MANUFACTURE, AND COPYRIGHT NOTICE
Place of production, publication, distribution, manufacture New York :
Name of producer, publisher, distributor, manufacturer Norton and Company,
Date of production, publication, distribution, manufacture, or copyright notice 2022.
300 ## - PHYSICAL DESCRIPTION
Extent xxxviii, 1404 p. :
Other physical details il. (color)
Dimensions 28 cm.
653 ## - INDEX TERM--UNCONTROLLED
keyword უჯრედის მოლეკულური ბიოლოგია
653 ## - INDEX TERM--UNCONTROLLED
keyword Biología , molecular Citología
700 ## - ADDED ENTRY--PERSONAL NAME
Personal name Alberts, Bruce
9 (RLIN) 25629
700 ## - ADDED ENTRY--PERSONAL NAME
Personal name Heald, Rebecca
9 (RLIN) 25628
Relator term და სხვ
942 ## - ADDED ENTRY ELEMENTS (KOHA)
Source of classification or shelving scheme
Koha item type წიგნი
ეგზემპლარები
Withdrawn status Lost status Source of classification or shelving scheme Damaged status Not for loan Permanent Location Current Location Shelving location Date acquired Cost, normal purchase price Full call number Barcode Date last seen Copy number Price effective from Koha item type Public note
          ბათუმის შოთა რუსთაველის სახელმწიფო უნივერსიტეტის მთავარი ბიბლიოთეკა ბათუმის შოთა რუსთაველის სახელმწიფო უნივერსიტეტის მთავარი ბიბლიოთეკა წიგნსაცავი 2025-07-08 354.00 577.2:576.3 M-79 72079 2025-07-08 72079 2025-07-08 წიგნი 354.00